PRACTICAL PHYSICAL PHARMACY (Record no. 363543)

MARC details
000 -LEADER
fixed length control field 00380nam a2200157Ia 4500
008 - FIXED-LENGTH DATA ELEMENTS--GENERAL INFORMATION
fixed length control field 230516s9999 xx 000 0 und d
041 ## - LANGUAGE CODE
Language code of text/sound track or separate title eng
082 ## - DEWEY DECIMAL CLASSIFICATION NUMBER
Classification number 541.3
Item number GAU
100 ## - MAIN ENTRY--PERSONAL NAME
Personal name GAUD R.S
245 ## - TITLE STATEMENT
Title PRACTICAL PHYSICAL PHARMACY
260 ## - PUBLICATION, DISTRIBUTION, ETC.
Name of publisher, distributor, etc. C.B.S. PUBLISHERS & DISTRUTORS
Date of publication, distribution, etc. 2001
300 ## - PHYSICAL DESCRIPTION
Extent 230
500 ## - GENERAL NOTE
General note PB
520 ## - SUMMARY, ETC.
Summary, etc. PHYP
650 ## - SUBJECT ADDED ENTRY--TOPICAL TERM
Topical term or geographic name entry element PHYSICAL PHARMACEUTICS
Holdings
Withdrawn status Lost status Damaged status Not for loan Home library Current library Date acquired Source of acquisition Total Checkouts Full call number Barcode Date last seen Price effective from Koha item type
        College of Pharmacy, Navi Mumbai College of Pharmacy, Navi Mumbai 16/05/2023 UNICATE PUBLICATION   541.3 GAU PCM-B-1290 16/05/2023 16/05/2023 Book